Score 0/25 Timer 03:00
0 Plays Today
Clue Word % Correct
♪ What a golfer shouts ♪♫ FORE ♫
95.3%
What a vocalist doesSING
90.9%
Radius or femur, for exampleBONE
89.5%
♪ Not short ♪♫ LONG ♫
89.4%
Words set to a melodySONG
89.2%
Arrange in orderSORT
87.9%
In painSORE
87.6%
Ask guidance from a higher powerPRAY
86.9%
Black residueSOOT
86.8%
♪ What you do on Sporcle ♪♫ PLAY ♫
86.4%
OnlyLONE
86.3%
What you carry food withTRAY
84.1%
♪ A New York magazine ♪♫ TIME ♫
83.9%
Clue Word % Correct
Place to put a coinSLOT
83%
Brought to lifeBORN
82.6%
Semester, at schoolTERM
81.8%
Sharp part of a forkTINE
81.7%
The capital of SwitzerlandBERN
79.9%
Its fourth derivative is itselfSINE
79.3%
Street carTRAM
78.3%
GraphPLOT
78.3%
A cooperative groupTEAM
78%
A city on the RhineBONN
76.9%
TacticPLOY
75.8%
Sea birdTERN
75.2%

Today's Daily Dose

Missing Word
I Hardly Know Her!

Word Ladder
Sentence Ending

Quick Pick
Female Firsts

Get the Picture
Triathlon Sports

Remove Ads.
Support Sporcle.
Get the best of Sporcle when you Go Orange. This ad-free experience offers more features, more stats, and more fun while also helping to support Sporcle. Thank you for becoming a member.

You're not logged in!

Compare scores with friends on all Sporcle quizzes.
OR
Log In

Show Comments

Extras

Top Quizzes Today


Score Distribution

Your Account Isn't Verified!

In order to create a playlist on Sporcle, you need to verify the email address you used during registration. Go to your Sporcle Settings to finish the process.

Report this User

Report this user for behavior that violates our Community Guidelines.

Details: